Statistics for Movie Titles in French

Click here to take the quiz!

General Stats

  • This quiz has been taken 23,145 times
  • The average score is 13 of 24

Answer Stats

French English % Correct
Le magicien d'OzThe Wizard of Oz
90%
Le silence des agneauxThe Silence of the Lambs
85%
Retour vers le futurBack to the Future
83%
La belle et la bêteBeauty and the Beast
83%
L'Âge de glaceIce Age
79%
L'odyssée de PiLife of Pi
76%
Orange mécaniqueA Clockwork Orange
69%
La Planète des singesPlanet of the Apes
69%
La vie est belle (1997)Life is Beautiful
68%
La cité de DieuCity of God
64%
La Guerre des mondesWar of the Worlds
60%
La Princesse et la GrenouilleThe Princess and the Frog
59%
La guerre des étoilesStar Wars
57%
La ligne verteThe Green Mile
54%
Danse avec les loupsDances with Wolves
48%
Le Cercle des poètes disparusDead Poets Society
41%
Charlie et ses drôles de damesCharlie's Angels
32%
La vie est belle (1946)It's a Wonderful Life
32%
Les Aventuriers de l'arche perdueRaiders of the Lost Ark
30%
Les incorruptiblesThe Untouchables
27%
L'Associé du diableThe Devil's Advocate
24%
Le lauréatThe Graduate
17%
L'Arme fataleLethal Weapon
17%
Mon beau-père et moiMeet the Parents
9%

Score Distribution

Percentile by Number Answered

Percent of People with Each Score

Your Score History

You have not taken this quiz